1965 1011 1858 1470 1856 1803 1005 1311 1761 1858 1769 1002 1026 1721 1251 1170 1754 1765 1488 1200 1307 1413 1586 1383 1474 1675 1424 1770 1268 1121 1746 1735 1475 1111 1735 1307 1315 1355 1444 1248 1980 1160 1599 1854 1422 1387 1267 1668 1623 1705 1091 1400 1731 1307 1494 1092 1478 1877 1184 1945 1705 1774 1455 1713 1220 1435 1429 1719 1591 1334 1583 1558 1681 1137 1164 1470 1413 1841 1685 1946 1971 1218 1217 1559 1965 1893 1321 1607 1885 1866 1826 1919 1580 1107 1313 1171 1435 1684 1326 BCNSPRNW ULIB Ver.6.0+V

เปลี่ยนเป็นภาษาไทย

Change to English
 แสดงรายละเอียดบรรณานุกรม
  กลับหน้าหลัก

Brief Record : Get Marc (ISO 2709) : E-mail record : QR code < ปิดหน้าต่าง
LEADER : 00000nam 2200000uu 4500
001    13399127976
003     ULIB
008    211124s2564||||th 000 0 tha d
020    ^a9789740339205
050  4 ^aBF201^bพ625จ
100 0  ^aพาสนา จุลรัตน์
245 10 ^aจิตวิทยาการรู้คิด =^bCognitive psychology /^cพาสนา จุลรัตน์
246 31 ^aCognitive psychology
260    ^aกรุงเทพฯ :^bสำนักพิมพ์จุฬาลงกรณ์มหาวิทยาลัย,^c2564
300    ^aฒ, 453 หน้า :^bภาพประกอบ
650  4 ^aจิตวิทยาการรู้คิด
650  4 ^aการรู้คิด
945    ^p440^l0^i29142
945    ^p440^l0^i29143
999    ^aกัณชพร จุลอักษร
รายการนี้ยังไม่มีแท็ก
คุณยังไม่ได้ล็อกอิน คุณสามารถมีกิจกรรมร่วมกับเว็บไซต์ได้ แต่ต้องล็อกอินก่อน ::
  ล็อกอิน

รายการสื่อสารสนเทศ

ลำดับที่ ประเภท เลขเรียก/บาร์โค้ด สถานที่ สถานะ
1. หนังสือสำรอง
หนังสือสำรอง
BF201 พ625จ ฉ.1 
  Barcode: 29142
ห้องสมุดวิทยาเขตนครสวรรค์
►หนังสือทั่วไป:l:General Books
บนชั้น
2. วิทยาศาสตร์การแพทย์ และสุขภาพ
วิทยาศาสตร์การแพทย์ และสุขภาพ
BF201 พ625จ ฉ.2 
  Barcode: 29143
ห้องสมุดวิทยาเขตนครสวรรค์
►หนังสือทั่วไป:l:General Books
บนชั้น

รายการใกล้เคียง
    ผู้แต่ง [พาสนา จุลรัตน์]

    หัวเรื่อง [จิตวิทยาการรู้คิด]
    หัวเรื่อง [การรู้คิด]

BibComment


ยังไม่เคยถูกคอมเมนท์

คอมเมนท์ทรัพยากรรายการนี้
  คอมเมนท์: จิตวิทยาการรู้คิ..


 Copyright 2026. Bcnsprnw @Library